NFL 2026 Rosters #3 - Statistics

General Stats
  • This quiz has been taken 7 times
  • The average score is 42 of 50
Answer Stats
Question Tile Select % Correct
Bengals 2026 Roster Aaron Jones Sr No
100%
Bengals 2026 Roster Budda Baker No
100%
Bengals 2026 Roster Chase Brown Yes
100%
Bengals 2026 Roster Dallas Goedert No
100%
Bengals 2026 Roster Gardner Minshew No
100%
Bengals 2026 Roster George Kittle No
100%
Bengals 2026 Roster Jacoby Brissett No
100%
Bengals 2026 Roster Ja'Marr Chase Yes
100%
Bengals 2026 Roster Jameson Williams No
100%
Bengals 2026 Roster Joe Burrow Yes
100%
Bengals 2026 Roster Justin Fields No
100%
Bengals 2026 Roster Kyle Monangai No
100%
Bengals 2026 Roster Kyle Pitts Sr No
100%
Bengals 2026 Roster Landon Dickerson No
100%
Bengals 2026 Roster Quentin Johnson No
100%
Bengals 2026 Roster Shedeur Sanders No
100%
Bengals 2026 Roster Tee Higgins Yes
100%
Bengals 2026 Roster Trent Williams No
100%
Browns 2026 Roster Abdul Carter No
83%
Bengals 2026 Roster Andrei Iosivas Yes
83%
Browns 2026 Roster Andrei Iosivas No
83%
Browns 2026 Roster Carson Schwesinger Yes
83%
Browns 2026 Roster Darren Waller No
83%
Browns 2026 Roster Denzel Ward Yes
83%
Browns 2026 Roster Devon Witherspoon No
83%
Browns 2026 Roster Garrett Wilson No
83%
Browns 2026 Roster Jaylen Waddle No
83%
Bengals 2026 Roster Joe Flacco Yes
83%
Browns 2026 Roster Josh Allen No
83%
Browns 2026 Roster Luther Burden III No
83%
Browns 2026 Roster Mason Graham Yes
83%
Browns 2026 Roster Myles Garrett Yes
83%
Browns 2026 Roster Quinshon Judkins Yes
83%
Browns 2026 Roster Rasheed Rice No
83%
Browns 2026 Roster Shedeur Sanders Yes
83%
Browns 2026 Roster Travis Hunter No
83%
Browns 2026 Roster Travis Kelce No
83%
Bengals 2026 Roster Tua Tagovailoa No
83%
Browns 2026 Roster Tyler Bass No
83%
Browns 2026 Roster Wan'Dale Robinson No
83%
Browns 2026 Roster Austin Ekeler No
67%
Browns 2026 Roster Calvin Ridley No
67%
Browns 2026 Roster Cedric Tillman Yes
67%
Bengals 2026 Roster Dexter Lawrence II Yes
67%
Bengals 2026 Roster Evan McPherson Yes
67%
Browns 2026 Roster Harold Fannin Jr Yes
67%
Bengals 2026 Roster Samaje Perine Yes
67%
Browns 2026 Roster Dylan Sampson Yes
50%
Browns 2026 Roster Jerry Jeudy Yes
50%
Bengals 2026 Roster Josh Newton Yes
33%
No matching quizzes found
Score Distribution
Percent of People with Each Score
Percentile by Number Answered
Your Score History
You have not taken this quiz